Impact of Smart Technologies and Artifical Intelligence Paving Path Towards Interdisciplinary Research In the Fields of Engineering, Arts, Humanities, Commerce, Economics, Social Science Law and Management-Challenges And Opportunities/ (Record no. 190554)

MARC details
000 -LEADER
fixed length control field 00759nam a22001937a 4500
005 - DATE AND TIME OF LATEST TRANSACTION
control field 20220727153317.0
010 ## - LCCN (DPL NO)
LC control number ENG-134065
020 ## - INTERNATIONAL STANDARD BOOK NUMBER
International Standard Book Number 9789391373122
Terms of availability 800.00
035 ## - SYSTEM CONTROL NUMBER
System control number EN-117597
037 ## - SOURCE OF ACQUISITION
Source of stock number/acquisition DBAD/PUB
082 ## - DEWEY DECIMAL CLASSIFICATION NUMBER
Classification number 600
245 ## - TITLE STATEMENT
Title Impact of Smart Technologies and Artifical Intelligence Paving Path Towards Interdisciplinary Research In the Fields of Engineering, Arts, Humanities, Commerce, Economics, Social Science Law and Management-Challenges And Opportunities/
Statement of responsibility, etc Edited by Sundari Suresh, S. Radha Rammohan and K. Bharath
260 ## - PUBLICATION, DISTRIBUTION, ETC. (IMPRINT)
Name of publisher, distributor, etc Shanlax Publication
Date of publication, distribution, etc 2021
300 ## - PHYSICAL DESCRIPTION
Extent 316p.
Dimensions 24cm(pbk)
700 ## - ADDED ENTRY--PERSONAL NAME
Personal name Suresh, Sundari
700 ## - ADDED ENTRY--PERSONAL NAME
Personal name Rammohan, S. Radha
700 ## - ADDED ENTRY--PERSONAL NAME
Personal name Bharath, K.
942 ## - ADDED ENTRY ELEMENTS (KOHA)
Source of classification or shelving scheme Dewey Decimal Classification
Item type English Books
Classification part 600
Call number suffix IMP
Holdings
Withdrawn status Lost status Not for loan Collection code Home library Current library Date acquired Source of acquisition Cost, normal purchase price Full call number Barcode Copy number Cost, replacement price Koha item type
      Non-fiction Bawana Bawana 27/07/2022 DBAD/PUB 800.00 600 IMP EN-117597 1 800.00 English Books

© Delhi Public Library
Hit Counter
free hit counter